Statistics for Transformers Prime quiz

Click here to take the quiz!

General Stats

  • This quiz has been taken 907 times
  • The average score is 15 of 18

Answer Stats

HintAnswer% Correct
The LeaderOptimus Prime
99%
The ScoutBumblebee
98%
The LeaderMegatron
93%
Only Female AutobotArcee
92%
The MedicRatchet
92%
The Heavy DutyBulkhead
88%
The SeekerStarscream
87%
One Who Likes To Play With ExplosivesWheeljack
84%
The SpySoundwave
83%
The ScientistShockwave
81%
NewbieSmokescreen
79%
Second in ComandUltra Magnus
78%
One With The HornsCliffjumper
78%
The MedicKnockout
77%
The BeastPredaking
71%
The BruteBreakdown
70%
The Loyal OneDreadwing
61%
The SpiderAirachnid
58%

Score Distribution

Percentile by Number Answered

Percent of People with Each Score

Your Score History

You have not taken this quiz